000 00636nam a2200241Ia 4500
003 OSt
005 20221007110801.0
006 a|||||r|||| 00| 0
007 ta
008 221006b |||||||| |||| 00| 0 eng d
024 _a21,879
037 _cTextual
040 _aLCO
_cLCO
_beng
041 _2eng
_aeng
082 _aX8(A):Zk2, L8
100 _aJagdish Lal
245 0 _aLabour Manual containing Important Labour Acts and Rules
260 _aDelhi
_bDelhi Law House India
_c1978
300 _avarious
650 _aLABOUR
942 _hX8(A):Zk2, L8
_cTEXL
999 _c1191442
_d1191442